Regióny a gastronómia prostredníctvom projektu Slovak a Czech Discovery

O projekte Slovak&Czech Discovery, ktorý sa snaží podporiť a zviditeľniť domáce farmy, vinárov, miestne gastronómie a pod. prostredníctvom karavaningového spôsobu cestovania. Projekt je zaujímavý hlavne pre majiteľov obytných áut, alebo prívesov s krátkodobou nezávislosťou od bežných služieb v autok...

Descrizione completa

Salvato in:
Dettagli Bibliografici
Autore principale: Červenka, Peter, 1976-
Natura: Capitolo di libro
Lingua:slovacco
Soggetti:
Tags: Aggiungi Tag
Nessun Tag, puoi essere il primo ad aggiungerne!!

MARC

LEADER 00000nla a2200000 4500
001 0212858
005 20240502073536.8
041 0 |a slo 
044 |a SK 
245 1 0 |a Regióny a gastronómia prostredníctvom projektu Slovak a Czech Discovery  |c Peter Červenka 
520 |a O projekte Slovak&Czech Discovery, ktorý sa snaží podporiť a zviditeľniť domáce farmy, vinárov, miestne gastronómie a pod. prostredníctvom karavaningového spôsobu cestovania. Projekt je zaujímavý hlavne pre majiteľov obytných áut, alebo prívesov s krátkodobou nezávislosťou od bežných služieb v autokempingoch ako je elektrická energia, alebo voda, prípadne plyn na varenie, alebo kúrenie a pod. Projekt upriamuje svoju pozornosť na podporu predaja regionálnych špecialít práve formou predaja zo dvora. 
610 2 0 |a agroturistika 
610 2 0 |a Slovensko 
610 2 0 |a katalógy reklamné 
610 2 0 |a elektronizácia 
610 2 0 |a predaj z dvora 
100 1 |a Červenka, Peter, 1976-